| 000 | 00662nam a22002057a 4500 | ||
|---|---|---|---|
| 999 |
_c11418 _d11418 |
||
| 003 | AR-CdUCM | ||
| 008 | 190403b ||||| |||| 00| 0 spa d | ||
| 040 |
_aMUNICIPALIDAD PROVINCIAL DEL CUSCO _cBIBLIOTECA MUNICIPAL DEL CUSCO |
||
| 082 |
_a869.56 / _bG91 / 1947 |
||
| 100 |
_aGuirao, Ramón _928771 |
||
| 245 |
_aPresencia : _bPoemas / |
||
| 260 |
_aArgentina : _bOrtelli, _c1947. |
||
| 300 |
_a8 páginas ; _c25 cm. |
||
| 505 | _aContenido : Ramón Guirao una voz permanente en la lírica cubana -- Sueño -- Gallo -- Silencio ... | ||
| 650 |
_aPoesía _9139 |
||
| 650 |
_aLírica _95909 |
||
| 650 |
_aArgentina _9511 |
||
| 942 |
_2ddc _cLIBROS |
||
| 945 | _arah | ||